| 000 | 00852cam a22001814a 4500 | ||
|---|---|---|---|
| 005 | 20250605164122.0 | ||
| 008 | 250528s ||||||||||||||||||||||||d | ||
| 035 | _a18315 | ||
| 040 |
_aGR-AtMCL _bgre _dGR-AtMCL _eAACR2 |
||
| 245 | 1 | _aΣτατιστική | |
| 260 |
_bΊδρυμα Ευγενίδου, _c1993 |
||
| 300 | _a120 | ||
| 520 | _aΣκοπός και Αντικείμενο της Στατιστικής, Συλλογή Στατιστικών Στοιχείων, Παρουσίαση Στατιστικών Στοιχείων, Μέτρα Θέσεως, Μέτρα Διασπόρας, Παλινδρόμηση και Συσχέτιση Δύο Μεταβλητών, Χρονολογικές Σειρές, Αριθμοδείκτες. | ||
| 700 | 1 |
_aΚιόχος Πέτρος Απ _92769 |
|
| 942 | _cBK | ||
| 999 |
_c3678 _d3678 |
||